Cone Beam Computed Topography (Record no. 26814)

MARC details
000 -LEADER
fixed length control field 00338nam a22001577a 4500
003 - CONTROL NUMBER IDENTIFIER
control field SGT
020 ## - INTERNATIONAL STANDARD BOOK NUMBER
International Standard Book Number 9780470961407
082 ## - DEWEY DECIMAL CLASSIFICATION NUMBER
Classification number 616.0757
Item number C14S
100 ## - MAIN ENTRY--PERSONAL NAME
Personal name Sarment, David
245 ## - TITLE STATEMENT
Title Cone Beam Computed Topography
250 ## - EDITION STATEMENT
Edition statement 1st
260 ## - PUBLICATION, DISTRIBUTION, ETC. (IMPRINT)
Name of publisher, distributor, etc Wiley Blackwell
Year of Publication 2014
300 ## - PAGE DESCRIPTION
No. of Pages 279
650 ## - SUBJECT ADDED ENTRY--TOPICAL TERM
Topical term or geographic name as entry element Radiology
942 ## - ADDED ENTRY ELEMENTS (KOHA)
Source of classification or shelving scheme Dewey Decimal Classification
Koha item type Books
Holdings
Withdrawn status Lost status Source of classification or shelving scheme Damaged status Use restrictions Not for loan Home library Current library Shelving location Date acquired Vendor Name Cost, normal purchase price SGTU Bill Number Total Checkouts Full call number Accession No. (Barcode) Date last seen Bill Date Koha item type
    Dewey Decimal Classification   Restricted Access Not For Loan SGT Dental Library SGT Dental Library Reference Book 22/08/2024 Ahuja Book Co. Pvt. Ltd. 12913.00 SGTU 19153   616.0757 C14S FD9453 22/08/2024   Books